000 01059nam a2200301 4500
001 0000016458
003 CO-CtgCURN
005 20250331185153.0
007 ta
008 160627s1991 000 0 eng d
020 _a8445800019
040 _aCO-CtgCURN
_bspa
_ccoctgcurn
082 0 _a614
_bM33
245 0 0 _aMedicina preventiva y salud publica /
_cG. Piedrola Gil ... [et al.].
250 _a9a ed.
260 _aBarcelona :
_bEdiciones Cientificas y Tecnicas,
_c1991.
300 _axxiii, 1476 p.
336 _2rdacontent
337 _2rdamedia
_asin mediacion
_bn
338 _2rdacarrier
_avolumen
_bnc
500 _aIncluye bibliografias e indice.
505 8 _aDemografia y epidemiología.--Medio ambiente y salud humana.--Enfermedades transmisibles.--Programas y promocion de la salud.--Planificacion y gestion de los servicios sanitario
650 1 4 _aMedicina preventiva.
700 1 _aPiedrola Gil, G.
908 _a160627
942 _cBK
_h614
_iM33
_2ddc
999 _c21890
_d21890